[Event "Deutsche Ländermeisterschaft 2015"]
[Site "Hannover GER"]
[Date "2015.10.04"]
[Round "3"]
[White "Hess, Max"]
[Black "Kololli, Martin"]
[Result "1-0"]
[Termination "normal"]
[Board "1.3"]
[WhiteElo "2221"]
[BlackElo "2158"]
[WhiteClock "00:41:24"]
[BlackClock "00:29:26"]
[WhiteTeam "Bayern"]
[BlackTeam "Schleswig-Holstein"]
[PlyCount "91"]
[WhiteFideId "24656666"]
[BlackFideId "12936910"]
[EventCountry "GER"]
[EventRounds "7"]
[EventType "team-swiss"]
[EventDate "2015.10.02"]

1. e4 e5 2. Nf3 Nc6 3. Be2 Nf6 4. d3 d5 5. Nbd2 Bc5 6. O-O O-O 7. c3 a6 8. b4
Ba7 9. Bb2 Qe7 10. a3 Rd8 11. Qc2 dxe4 12. dxe4 Nh5 13. g3 Bh3 14. Rfe1 Nf6 15.
Bf1 Be6 16. a4 Ng4 17. Re2 Qf6 18. Bg2 Qg6 19. b5 Na5 20. c4 Bd4 21. h3 Nh6 22.
Nxe5 Bxe5 23. Bxe5 Qh5 24. Nf3 Nxc4 25. g4 Qg6 26. bxa6 Nxe5 27. Nxe5 Qf6 28.
f4 Qxf4 29. Nd3 Qd6 30. axb7 Rab8 31. e5 Qd4+ 32. Kh2 Qxa1 33. Nc5 Qd4 34. Na6
Qf4+ 35. Kh1 Nf5 36. gxf5 Bxf5 37. Rf2 Bxc2 38. Rxf4 Bd3 39. Nxb8 Rxb8 40. Rd4
Ba6 41. Rd7 f6 42. e6 Re8 43. Rxc7 Kf8 44. e7+ Kf7 45. Bd5+ Kg6 46. Bc6 1-0

[Event "Deutsche Ländermeisterschaft 2015"]
[Site "Hannover GER"]
[Date "2015.10.04"]
[Round "3"]
[White "Rieß, Alexander"]
[Black "Tong, Kevin"]
[Result "1-0"]
[Termination "normal"]
[Board "1.4"]
[WhiteElo "2252"]
[BlackElo "2021"]
[WhiteClock "00:36:37"]
[BlackClock "00:10:43"]
[WhiteTeam "Schleswig-Holstein"]
[BlackTeam "Bayern"]
[PlyCount "59"]
[WhiteFideId "12953326"]
[BlackFideId "12913944"]
[EventCountry "GER"]
[EventRounds "7"]
[EventType "team-swiss"]
[EventDate "2015.10.02"]

1. d4 d5 2. c4 c6 3. Nf3 Nf6 4. Nc3 dxc4 5. a4 Bf5 6. Ne5 Nbd7 7. Nxc4 Qc7 8.
g3 e5 9. dxe5 Nxe5 10. Bf4 Nfd7 11. Bg2 g5 12. Ne3 gxf4 13. Nxf5 O-O-O 14. Qc2
Nc5 15. O-O a5 16. Rfd1 h5 17. Rxd8+ Qxd8 18. Rd1 Qf6 19. gxf4 Ng6 20. e3 Rg8
21. Kh1 Kb8 22. Bf3 h4 23. Rg1 Ne6 24. Bg4 Ne7 25. Ne4 Qh8 26. Nfd6 Qg7 27. Qb3
b5 28. axb5 c5 29. Qa2 a4 30. Qxa4 1-0

[Event "Deutsche Ländermeisterschaft 2015"]
[Site "Hannover GER"]
[Date "2015.10.04"]
[Round "3"]
[White "Schneider, Jana"]
[Black "Kopylov, Daniel"]
[Result "0-1"]
[Termination "normal"]
[Board "1.5"]
[WhiteElo "2024"]
[BlackElo "1931"]
[WhiteClock "00:00:51"]
[BlackClock "00:39:40"]
[WhiteTeam "Bayern"]
[BlackTeam "Schleswig-Holstein"]
[PlyCount "64"]
[WhiteFideId "12924997"]
[BlackFideId "12921971"]
[EventCountry "GER"]
[EventRounds "7"]
[EventType "team-swiss"]
[EventDate "2015.10.02"]

1. e4 e6 2. d4 d5 3. Nd2 dxe4 4. Nxe4 Nd7 5. Nf3 Ngf6 6. Nxf6+ Nxf6 7. c3 Be7
8. Bd3 O-O 9. O-O b6 10. Bf4 Bb7 11. Re1 c5 12. dxc5 Bxc5 13. Qe2 Qd5 14. Be5
Ng4 15. Bg3 Qh5 16. h3 Nf6 17. Kh2 Ng4+ 18. Kg1 Nf6 19. Nd2 Qg5 20. Kh2 Nh5 21.
Ne4 Nxg3 22. fxg3 Bxe4 23. Qxe4 g6 24. Rf1 Rad8 25. Rf3 Rd5 26. Raf1 Qe5 27.
Qa4 Qc7 28. Qb3 Re5 29. Bc4 Re4 30. a3 Rxc4 31. Re1 Be7 32. Qa2 Rc5 0-1

[Event "Deutsche Ländermeisterschaft 2015"]
[Site "Hannover GER"]
[Date "2015.10.04"]
[Round "3"]
[White "Köhler, Inken"]
[Black "Siegl, Melina"]
[Result "0-1"]
[Termination "normal"]
[Board "1.6"]
[WhiteElo "1728"]
[BlackElo "1926"]
[WhiteClock "00:11:38"]
[BlackClock "00:19:36"]
[WhiteTeam "Schleswig-Holstein"]
[BlackTeam "Bayern"]
[PlyCount "66"]
[WhiteFideId "12929301"]
[BlackFideId "1272126"]
[EventCountry "GER"]
[EventRounds "7"]
[EventType "team-swiss"]
[EventDate "2015.10.02"]

1. e4 d6 2. d4 g6 3. Nc3 Bg7 4. Be3 Nd7 5. f4 a6 6. Nf3 b5 7. Bd3 Bb7 8. O-O c5
9. e5 cxd4 10. Bxd4 dxe5 11. fxe5 Nh6 12. Be4 Bxe4 13. Nxe4 O-O 14. Qd2 Nf5 15.
Bc3 Qc7 16. Ba5 Qa7+ 17. Kh1 Nxe5 18. Bc3 Nc4 19. Qe1 Bxc3 20. Qxc3 Rac8 21.
Qb3 Nce3 22. Rf2 h6 23. Re1 Rc4 24. Nc3 Ng4 25. Rfe2 Nf2+ 26. Kg1 Nd3+ 27. Kh1
Nxe1 28. Rxe1 Qf2 29. Rd1 Ne3 30. Rd2 Qf1+ 31. Ng1 Rf4 32. Nd5 Qxg1+ 33. Kxg1
Rf1# 0-1

[Event "Deutsche Ländermeisterschaft 2015"]
[Site "Hannover GER"]
[Date "2015.10.04"]
[Round "3"]
[White "Weller, Uli"]
[Black "Caliebe, Nanke"]
[Result "1-0"]
[Termination "normal"]
[Board "1.7"]
[WhiteElo "1921"]
[BlackElo "1527"]
[WhiteClock "00:52:41"]
[BlackClock "00:01:08"]
[WhiteTeam "Bayern"]
[BlackTeam "Schleswig-Holstein"]
[PlyCount "71"]
[WhiteFideId "12971782"]
[BlackFideId "12980528"]
[EventCountry "GER"]
[EventRounds "7"]
[EventType "team-swiss"]
[EventDate "2015.10.02"]

1. e4 c5 2. Nf3 e6 3. c3 d5 4. e5 Nc6 5. d4 Qb6 6. Bd3 Bd7 7. dxc5 Bxc5 8. O-O
Qc7 9. Qe2 O-O-O 10. b4 Be7 11. a4 f6 12. exf6 gxf6 13. Na3 e5 14. b5 Na5 15.
Bc2 Qxc3 16. Bd2 Qc7 17. Bxa5 Qxa5 18. Bb3 Bg4 19. Bxd5 Rxd5 20. Qc4+ Rc5 21.
Qxg4+ Kb8 22. Qg7 Rc8 23. Qxh8 Qc3 24. Qxh7 Bxa3 25. Rad1 Ne7 26. Rd7 Qb4 27.
h4 e4 28. Rd4 Qb2 29. Qxe4 Bc5 30. Rd7 Nc6 31. bxc6 bxc6 32. Rb1 Bxf2+ 33. Kh1
Qb6 34. a5 Qxb1+ 35. Qxb1+ Bb6 36. axb6 1-0

[Event "Deutsche Ländermeisterschaft 2015"]
[Site "Hannover GER"]
[Date "2015.10.04"]
[Round "3"]
[White "Glinzner, Alva"]
[Black "Khamenya, Vitalia"]
[Result "1-0"]
[Termination "normal"]
[Board "1.8"]
[WhiteElo "1440"]
[BlackElo "1565"]
[WhiteClock "01:21:02"]
[BlackClock "01:06:37"]
[WhiteTeam "Schleswig-Holstein"]
[BlackTeam "Bayern"]
[PlyCount "35"]
[WhiteFideId "16206169"]
[BlackFideId "12959260"]
[EventCountry "GER"]
[EventRounds "7"]
[EventType "team-swiss"]
[EventDate "2015.10.02"]

1. e4 g6 2. d4 Bg7 3. Nf3 d6 4. Nc3 Nd7 5. Bc4 a6 6. Ng5 e6 7. Bxe6 Nh6 8.
Bxf7+ Nxf7 9. Ne6 Qf6 10. Nxc7+ Kd8 11. N3d5 Qh4 12. Ne6+ Ke8 13. Nxg7+ Kf8 14.
Ne6+ Kg8 15. Qf3 h6 16. g3 Qh5 17. Ne7+ Kh7 18. Qxf7# 1-0

[Event "Deutsche Ländermeisterschaft 2015"]
[Site "Hannover GER"]
[Date "2015.10.04"]
[Round "3"]
[White "Vöge, Tobias"]
[Black "Holtel, Jasper"]
[Result "1/2-1/2"]
[Termination "normal"]
[Board "2.1"]
[BlackTitle "FM"]
[WhiteElo "2213"]
[BlackElo "2316"]
[WhiteClock "00:16:39"]
[BlackClock "00:37:03"]
[WhiteTeam "Niedersachsen 1"]
[BlackTeam "Nordrhein-Westfalen"]
[PlyCount "114"]
[WhiteFideId "1270513"]
[BlackFideId "12956376"]
[EventCountry "GER"]
[EventRounds "7"]
[EventType "team-swiss"]
[EventDate "2015.10.02"]

1. c4 Nf6 2. Nc3 d5 3. cxd5 Nxd5 4. g3 g6 5. Nxd5 Qxd5 6. Nf3 Bg7 7. Bg2 O-O 8.
O-O Rd8 9. d3 a5 10. Bf4 c6 11. Ne5 Qb5 12. Nc4 Be6 13. Qc2 a4 14. Rab1 Na6 15.
b3 Nb4 16. bxa4 Nxc2 17. axb5 Nd4 18. Bc7 Nxe2+ 19. Kh1 Rxd3 20. bxc6 bxc6 21.
Ne5 Bxe5 22. Bxe5 Bd5 23. Rfe1 Nc3 24. Bxc3 Rxc3 25. Bxd5 cxd5 26. Rxe7 Rxa2
27. Kg2 Rcc2 28. Rf1 h5 29. Re3 d4 30. Rd3 Rd2 31. Rxd2 Rxd2 32. Rb1 Kg7 33.
Rb6 Rd1 34. Kf3 d3 35. Rd6 d2 36. Ke2 Rh1 37. Rxd2 Rxh2 38. Rd1 g5 39. Kf3 Kg6
40. Rd6+ f6 41. Rd1 h4 42. gxh4 Rxh4 43. Rd8 Ra4 44. Kg3 Ra3+ 45. f3 f5 46. Kg2
Kf6 47. Rd5 Ra2+ 48. Kf1 Kg6 49. Rd8 f4 50. Rb8 Kf6 51. Rb5 Kg6 52. Rb8 Kf5 53.
Rb5+ Kf6 54. Rc5 Kg6 55. Rc8 g4 56. Rg8+ Kf5 57. Rxg4 Ra1+ 1/2-1/2

[Event "Deutsche Ländermeisterschaft 2015"]
[Site "Hannover GER"]
[Date "2015.10.04"]
[Round "3"]
[White "Schröder, Kevin"]
[Black "Kyas, Philipp"]
[Result "1/2-1/2"]
[Termination "normal"]
[Board "2.2"]
[WhiteElo "2298"]
[BlackElo "2076"]
[WhiteClock "00:31:28"]
[BlackClock "00:09:50"]
[WhiteTeam "Nordrhein-Westfalen"]
[BlackTeam "Niedersachsen 1"]
[PlyCount "94"]
[WhiteFideId "12929840"]
[BlackFideId "24670936"]
[EventCountry "GER"]
[EventRounds "7"]
[EventType "team-swiss"]
[EventDate "2015.10.02"]

1. d4 d5 2. Nc3 e6 3. e4 dxe4 4. Nxe4 b6 5. Nf3 Bb7 6. Bb5+ c6 7. Bd3 Be7 8.
Bf4 Nf6 9. Nxf6+ Bxf6 10. Qe2 Bxd4 11. O-O-O Qf6 12. Bg5 Bxb2+ 13. Kb1 Qc3 14.
Bg6 O-O 15. Rd3 Qc5 16. Bxf7+ Kxf7 17. Re1 Re8 18. Ne5+ Kg8 19. Kxb2 Ba6 20.
Qf3 Rf8 21. Qxf8+ Qxf8 22. Rd8 Qxd8 23. Bxd8 Nd7 24. Bc7 Nxe5 25. Rxe5 Bc4 26.
Re3 Rc8 27. Be5 Rd8 28. Ra3 Rd7 29. Bb8 a5 30. Bf4 Bd5 31. f3 Kf7 32. Be3 e5
33. Rd3 b5 34. Bd2 a4 35. Bc3 Re7 36. Re3 e4 37. fxe4 Bxe4 38. g3 g5 39. h4 g4
40. Bd4 h5 41. Kc3 Re6 42. Bc5 Kf6 43. a3 Ke5 44. Kb4 Kf5 45. c4 Bf3 46. Rxe6
Kxe6 47. cxb5 Ke5 1/2-1/2

[Event "Deutsche Ländermeisterschaft 2015"]
[Site "Hannover GER"]
[Date "2015.10.04"]
[Round "3"]
[White "Diederichs, Luise"]
[Black "Mundorf, Johannes"]
[Result "1/2-1/2"]
[Termination "normal"]
[Board "2.3"]
[WhiteElo "1974"]
[BlackElo "2211"]
[WhiteClock "00:02:01"]
[BlackClock "00:42:29"]
[WhiteTeam "Niedersachsen 1"]
[BlackTeam "Nordrhein-Westfalen"]
[PlyCount "53"]
[WhiteFideId "24661597"]
[BlackFideId "24672491"]
[EventCountry "GER"]
[EventRounds "7"]
[EventType "team-swiss"]
[EventDate "2015.10.02"]

1. e4 e6 2. d4 d5 3. e5 c5 4. c3 Nc6 5. Nf3 Bd7 6. Be2 Nge7 7. Na3 cxd4 8. cxd4
Nf5 9. Nc2 Qb6 10. O-O a5 11. Rb1 Nb4 12. Nxb4 axb4 13. Qd3 Rxa2 14. g4 Ne7 15.
Ng5 Ra5 16. Qf3 f6 17. exf6 gxf6 18. Qxf6 Rg8 19. Qf7+ Kd8 20. Qf4 Ng6 21. Qb8+
Bc8 22. Be3 Kd7 23. Qg3 Bd6 24. f4 Rf8 25. Qh3 Bxf4 26. Qxh7+ Ne7 27. Qd3
1/2-1/2

[Event "Deutsche Ländermeisterschaft 2015"]
[Site "Hannover GER"]
[Date "2015.10.04"]
[Round "3"]
[White "Kuckling, Hannah"]
[Black "Ewert, Hannes"]
[Result "1-0"]
[Termination "normal"]
[Board "2.4"]
[WhiteElo "1988"]
[BlackElo "2107"]
[WhiteClock "00:08:33"]
[BlackClock "00:47:17"]
[WhiteTeam "Nordrhein-Westfalen"]
[BlackTeam "Niedersachsen 1"]
[PlyCount "109"]
[WhiteFideId "24603660"]
[BlackFideId "12961574"]
[EventCountry "GER"]
[EventRounds "7"]
[EventType "team-swiss"]
[EventDate "2015.10.02"]

1. e4 e6 2. d4 d5 3. Nd2 Nf6 4. e5 Nfd7 5. Bd3 c5 6. c3 Nc6 7. Ne2 cxd4 8. cxd4
f6 9. exf6 Nxf6 10. O-O Bd6 11. Nf3 Qc7 12. Bg5 O-O 13. Rc1 h6 14. Bh4 Nh5 15.
Bg3 Nxg3 16. hxg3 g5 17. Bb1 Qg7 18. Qd3 Bd7 19. a3 Rf6 20. b4 a6 21. Rc3 Raf8
22. Nc1 Qf7 23. Qe2 Rxf3 24. Qxf3 Nxd4 25. Qxf7+ Rxf7 26. Rd1 e5 27. Ba2 Bc6
28. Rd2 Rf8 29. Ne2 Nxe2+ 30. Rxe2 Kg7 31. Bxd5 Bxd5 32. Rd2 Bxb4 33. axb4 Bc6
34. Rd6 e4 35. Kf1 Rf5 36. Rc5 Rf7 37. Re5 g4 38. Ke1 e3 39. Rxe3 Bxg2 40. Ree6
h5 41. Re5 Bf3 42. Rde6 h4 43. gxh4 Rf4 44. Re7+ Kg8 45. Rd7 Kf8 46. Rc5 Ke8
47. Rh7 Kd8 48. Rg5 Re4+ 49. Kd2 Re8 50. h5 Kc8 51. h6 Kb8 52. Rhg7 Rd8+ 53.
Ke3 Re8+ 54. Kf4 Rf8+ 55. Rf5 1-0

[Event "Deutsche Ländermeisterschaft 2015"]
[Site "Hannover GER"]
[Date "2015.10.04"]
[Round "3"]
[White "Browning, Rebecca"]
[Black "Schulze, Lara"]
[Result "0-1"]
[Termination "normal"]
[Board "2.6"]
[WhiteElo "1589"]
[BlackElo "1927"]
[WhiteClock "00:51:13"]
[BlackClock "00:03:47"]
[WhiteTeam "Nordrhein-Westfalen"]
[BlackTeam "Niedersachsen 1"]
[PlyCount "96"]
[WhiteFideId "12984027"]
[BlackFideId "12956830"]
[EventCountry "GER"]
[EventRounds "7"]
[EventType "team-swiss"]
[EventDate "2015.10.02"]

1. d4 d5 2. Nf3 c6 3. Bf4 Nf6 4. e3 Bf5 5. Nbd2 e6 6. c4 Be7 7. Qb3 Qb6 8. Qxb6
axb6 9. Be2 Nbd7 10. O-O h6 11. h3 O-O 12. Ne5 Nxe5 13. Bxe5 Nd7 14. Bh2 c5 15.
Nb3 Rfc8 16. cxd5 exd5 17. Bf3 Nf6 18. Nd2 cxd4 19. exd4 Rc2 20. Bf4 Rxb2 21.
Rfc1 Bc2 22. Nf1 Ba4 23. Rc7 Bd8 24. Rcc1 Bc6 25. a3 Rb3 26. Bd6 Ne8 27. Bb4
Nc7 28. Ne3 Bg5 29. Bd1 Rxe3 30. Rxc6 bxc6 31. fxe3 Bxe3+ 32. Kf1 Bxd4 33. Ra2
c5 34. Bd2 Nb5 35. a4 Nd6 36. Bf4 Ne4 37. Bf3 Nc3 38. Ra3 b5 39. a5 b4 40. Ra1
b3 41. Bc1 Na2 42. Rb1 Rxa5 43. Rxb3 Nxc1 44. Rb8+ Kh7 45. Bxd5 Ra7 46. Rf8 Kg6
47. Be4+ Kf6 48. Re8 Re7 0-1

[Event "Deutsche Ländermeisterschaft 2015"]
[Site "Hannover GER"]
[Date "2015.10.04"]
[Round "3"]
[White "Helmer, Jan"]
[Black "Kracht, Raphael"]
[Result "0-1"]
[Termination "normal"]
[Board "2.7"]
[WhiteElo "1767"]
[BlackElo "1532"]
[WhiteClock "01:07:58"]
[BlackClock "00:02:28"]
[WhiteTeam "Niedersachsen 1"]
[BlackTeam "Nordrhein-Westfalen"]
[PlyCount "172"]
[WhiteFideId "12956686"]
[BlackFideId "16214382"]
[EventCountry "GER"]
[EventRounds "7"]
[EventType "team-swiss"]
[EventDate "2015.10.02"]

1. d4 Nf6 2. Nf3 e6 3. e3 b6 4. Bd3 Bb7 5. Nbd2 c5 6. c3 Be7 7. O-O O-O 8. e4
d5 9. e5 Ne4 10. Re1 cxd4 11. cxd4 Nxd2 12. Bxd2 Ba6 13. Bb1 Nd7 14. Qc2 g6 15.
Bh6 Re8 16. Qd2 Bf8 17. Qf4 f6 18. h4 fxe5 19. dxe5 Qe7 20. h5 Bxh6 21. Qxh6
Qg7 22. Qxg7+ Kxg7 23. hxg6 hxg6 24. a3 Rac8 25. Ng5 Nc5 26. a4 Bd3 27. Bxd3
Nxd3 28. Re3 Nf4 29. Rf3 Ne2+ 30. Kf1 Nd4 31. Rf7+ Kh6 32. f4 Kh5 33. Rxa7 Nc2
34. Rb1 Rc4 35. g3 Kg4 36. Kf2 Rh8 37. Rh7 Rxh7 38. Nxh7 Rxa4 39. Nf6+ Kf5 40.
Rh1 Rb4 41. Rh7 Rxb2 42. Rf7 b5 43. Nxd5+ Ke4 44. Nf6+ Kd3 45. Rd7+ Nd4+ 46.
Kf1 b4 47. Ng4 Ke4 48. Nf2+ Kf3 49. Rxd4 Rxf2+ 50. Kg1 Kxg3 51. Rxb4 Rxf4 52.
Rb6 Re4 53. Rb3+ Kf4 54. Kf2 Rxe5 55. Rb4+ Re4 56. Rb7 g5 57. Rf7+ Kg4 58. Re7
Re5 59. Re8 Kf4 60. Rf8+ Rf5 61. Re8 e5 62. Ra8 Kg4+ 63. Kg2 e4 64. Re8 Kf4 65.
Kf2 Re5 66. Rf8+ Kg4 67. Ke3 Rf5 68. Re8 Rf4 69. Rg8 Rf1 70. Kxe4 Kh4 71. Rh8+
Kg3 72. Rh5 g4 73. Rh8 Kg2 74. Rh4 g3 75. Rh8 Kg1 76. Ke3 g2 77. Ke2 Rf7 78.
Rg8 Re7+ 79. Kd3 Kf1 80. Rf8+ Kg1 81. Rg8 Re1 82. Kd2 Re5 83. Rg7 Kf2 84. Rf7+
Kg3 85. Rg7+ Kf3 86. Rxg2 Kxg2 0-1

[Event "Deutsche Ländermeisterschaft 2015"]
[Site "Hannover GER"]
[Date "2015.10.04"]
[Round "3"]
[White "Müdder, Melanie"]
[Black "Brunner, Sophia"]
[Result "1-0"]
[Termination "normal"]
[Board "2.8"]
[WhiteElo "1585"]
[BlackElo "1546"]
[WhiteClock "00:14:10"]
[BlackClock "00:17:54"]
[WhiteTeam "Nordrhein-Westfalen"]
[BlackTeam "Niedersachsen 1"]
[PlyCount "87"]
[WhiteFideId "12994103"]
[BlackFideId "12960683"]
[EventCountry "GER"]
[EventRounds "7"]
[EventType "team-swiss"]
[EventDate "2015.10.02"]

1. e4 Nf6 2. Nc3 d5 3. e5 d4 4. exf6 dxc3 5. fxg7 cxd2+ 6. Bxd2 Bxg7 7. Qf3 Qd4
8. Bc3 Qg4 9. Bxg7 Qxg7 10. Bc4 c6 11. Ne2 Nd7 12. Qc3 Qxc3+ 13. Nxc3 Ne5 14.
Be2 Rg8 15. Rg1 Bg4 16. O-O-O Bxe2 17. Nxe2 Rd8 18. Nf4 Rxd1+ 19. Rxd1 Ng6 20.
Nd3 Nf8 21. g3 Nd7 22. Re1 e6 23. f4 Kf8 24. Ne5 Nxe5 25. Rxe5 Ke7 26. Kd2 Rd8+
27. Ke2 Rd5 28. Rxd5 cxd5 29. Kf3 f6 30. Ke3 e5 31. c3 Ke6 32. g4 e4 33. c4
dxc4 34. Kxe4 f5+ 35. gxf5+ Kf6 36. a4 a6 37. a5 h5 38. h4 Kf7 39. Ke5 Ke7 40.
f6+ Kf7 41. f5 Kf8 42. Ke6 Ke8 43. f7+ Kf8 44. f6 1-0

[Event "Deutsche Ländermeisterschaft 2015"]
[Site "Hannover GER"]
[Date "2015.10.04"]
[Round "3"]
[White "Urban, Lars"]
[Black "Carow, Johannes"]
[Result "1/2-1/2"]
[Termination "normal"]
[Board "3.1"]
[BlackTitle "FM"]
[WhiteElo "2138"]
[BlackElo "2430"]
[WhiteClock "00:22:17"]
[BlackClock "00:37:45"]
[WhiteTeam "Thüringen"]
[BlackTeam "Rheinland-Pfalz"]
[PlyCount "40"]
[WhiteFideId "4644034"]
[BlackFideId "24692050"]
[EventCountry "GER"]
[EventRounds "7"]
[EventType "team-swiss"]
[EventDate "2015.10.02"]

1. d4 Nf6 2. c4 c5 3. d5 b5 4. Qc2 Na6 5. a3 bxc4 6. e4 Nc7 7. Bxc4 e6 8. Nc3
exd5 9. exd5 d6 10. Nf3 Be7 11. h3 O-O 12. O-O Bb7 13. Qd3 Nd7 14. Bf4 Nb6 15.
Rfe1 Bf6 16. Rad1 Bxc3 17. bxc3 Ncxd5 18. Bxd5 Bxd5 19. Ng5 g6 20. Qg3 Re8
1/2-1/2

[Event "Deutsche Ländermeisterschaft 2015"]
[Site "Hannover GER"]
[Date "2015.10.04"]
[Round "3"]
[White "Keymer, Vincent"]
[Black "Hoffmann, Tim"]
[Result "1-0"]
[Termination "normal"]
[Board "3.2"]
[WhiteElo "2356"]
[BlackElo "2119"]
[WhiteClock "00:57:10"]
[BlackClock "00:03:19"]
[WhiteTeam "Rheinland-Pfalz"]
[BlackTeam "Thüringen"]
[PlyCount "123"]
[WhiteFideId "12940690"]
[BlackFideId "12900338"]
[EventCountry "GER"]
[EventRounds "7"]
[EventType "team-swiss"]
[EventDate "2015.10.02"]

1. d4 Nf6 2. Nf3 b6 3. g3 e6 4. Bg2 Bb7 5. O-O Be7 6. c4 O-O 7. Re1 d6 8. Nc3
Nbd7 9. e4 e5 10. d5 a5 11. Rb1 Nc5 12. b3 Bc8 13. a3 Bd7 14. b4 axb4 15. axb4
Na4 16. Bd2 Nxc3 17. Bxc3 Bg4 18. Qc2 Qd7 19. Nd2 c5 20. bxc5 bxc5 21. Rb5 Ra7
22. Reb1 h6 23. Nb3 Bd8 24. Qb2 Qc8 25. Nd2 Bc7 26. f4 Nd7 27. h3 Bh5 28. h4
Bg4 29. Nf1 f6 30. Ne3 h5 31. f5 Qa8 32. Nxg4 hxg4 33. Rb7 Kf7 34. Rxa7 Qxa7
35. Qe2 Qa3 36. Be1 Nb6 37. Bf1 Ra8 38. Qxg4 Qa2 39. Rc1 Qb2 40. Rd1 Qb3 41.
Rd3 Qxc4 42. Be2 Qc1 43. Rd1 Qe3+ 44. Kf1 Ra2 45. Rd3 Qh6 46. Bd2 Qh7 47. Bc1
Ra1 48. Rc3 Na4 49. Rc2 Ba5 50. Kg2 Bb4 51. h5 Nb6 52. h6 gxh6 53. Qh5+ Ke7 54.
Bxh6 Nd7 55. Bb5 Ra8 56. Qg6 Qxg6 57. fxg6 Nb6 58. Be2 Rg8 59. g7 Na8 60. Ra2
Nc7 61. Ra7 Kd8 62. Bh5 1-0

[Event "Deutsche Ländermeisterschaft 2015"]
[Site "Hannover GER"]
[Date "2015.10.04"]
[Round "3"]
[White "Nguyen, Huy Dat"]
[Black "Wilhelm, Till"]
[Result "1-0"]
[Termination "normal"]
[Board "3.3"]
[WhiteElo "2089"]
[BlackElo "2209"]
[WhiteClock "00:08:03"]
[BlackClock "00:02:38"]
[WhiteTeam "Thüringen"]
[BlackTeam "Rheinland-Pfalz"]
[PlyCount "85"]
[WhiteFideId "12923486"]
[BlackFideId "12942391"]
[EventCountry "GER"]
[EventRounds "7"]
[EventType "team-swiss"]
[EventDate "2015.10.02"]

1. e4 e5 2. Nf3 Nc6 3. Bb5 a6 4. Ba4 Nf6 5. O-O Be7 6. d3 b5 7. Bb3 d6 8. c3
O-O 9. Re1 Na5 10. Bc2 c5 11. Nbd2 Re8 12. h3 Bf8 13. Nf1 h6 14. d4 cxd4 15.
cxd4 exd4 16. Nxd4 g6 17. Bf4 Bb7 18. Qf3 Nc4 19. b3 Ne5 20. Qe3 Rc8 21. Rad1
Rc5 22. Bb1 Qc7 23. Qd2 Kh7 24. Bh2 Bg7 25. Ng3 Nc6 26. Nf3 Re6 27. Ne2 Ne5 28.
Nf4 Nxf3+ 29. gxf3 Qd7 30. Nxe6 Qxe6 31. Bxd6 Rh5 32. Kf1 Rxh3 33. Qf4 g5 34.
Qe5 Nh5 35. Qxe6 fxe6 36. Kg2 Rh4 37. Bg3 Nf4+ 38. Kg1 Rh5 39. Rd7 Bc6 40. Rc7
Be8 41. Re7 Bg6 42. Bxf4 gxf4 43. Rxe6 1-0

[Event "Deutsche Ländermeisterschaft 2015"]
[Site "Hannover GER"]
[Date "2015.10.04"]
[Round "3"]
[White "Muckle, Julius"]
[Black "Weishäutel, Moritz"]
[Result "1-0"]
[Termination "normal"]
[Board "3.4"]
[WhiteElo "2101"]
[BlackElo "1970"]
[WhiteClock "00:32:31"]
[BlackClock "00:34:30"]
[WhiteTeam "Rheinland-Pfalz"]
[BlackTeam "Thüringen"]
[PlyCount "53"]
[WhiteFideId "12942430"]
[BlackFideId "12967300"]
[EventCountry "GER"]
[EventRounds "7"]
[EventType "team-swiss"]
[EventDate "2015.10.02"]

1. d4 e6 2. c4 f5 3. g3 Nf6 4. Bg2 d5 5. Nf3 c6 6. O-O Bd6 7. Nc3 O-O 8. Qc2
Ne4 9. Rb1 a5 10. a3 b6 11. b4 axb4 12. axb4 Ba6 13. b5 cxb5 14. Nxb5 Bxb5 15.
Rxb5 Qc7 16. Ng5 Nxg5 17. Bxg5 Ra6 18. Rc1 Rc8 19. Qb1 dxc4 20. d5 c3 21. dxe6
c2 22. Qb3 h6 23. e7+ Kh7 24. Qf7 Qd7 25. Bf6 Rg8 26. Bd5 Qe8 27. Qxg8+ 1-0

[Event "Deutsche Ländermeisterschaft 2015"]
[Site "Hannover GER"]
[Date "2015.10.04"]
[Round "3"]
[White "Riedel, Erich"]
[Black "Karsay, Pascal"]
[Result "0-1"]
[Termination "normal"]
[Board "3.5"]
[WhiteElo "1826"]
[BlackElo "2100"]
[WhiteClock "00:01:12"]
[BlackClock "00:11:31"]
[WhiteTeam "Thüringen"]
[BlackTeam "Rheinland-Pfalz"]
[PlyCount "70"]
[WhiteFideId "12958646"]
[BlackFideId "12953474"]
[EventCountry "GER"]
[EventRounds "7"]
[EventType "team-swiss"]
[EventDate "2015.10.02"]

1. Nc3 c5 2. d3 Nc6 3. g3 g6 4. Bg2 Bg7 5. Bd2 d6 6. e4 Bd7 7. Nf3 Rb8 8. a4 a6
9. Rb1 b5 10. axb5 axb5 11. Ne2 Qc8 12. Bc3 e5 13. b3 Nge7 14. O-O O-O 15. Bb2
f5 16. Nd2 Be6 17. Kh1 Qd7 18. exf5 gxf5 19. f4 Nd5 20. Bxd5 Bxd5+ 21. Kg1 Bf7
22. Nf3 Rbe8 23. Ne1 Bh5 24. fxe5 dxe5 25. Qd2 Qd6 26. Ng2 Bh6 27. Qe1 f4 28.
Nc1 f3 29. Ne3 Nd4 30. Qf2 Ne2+ 31. Kh1 Bxe3 32. Qxe3 f2 33. g4 Qc6+ 34. Qe4
Qxe4+ 35. dxe4 Bxg4 0-1

[Event "Deutsche Ländermeisterschaft 2015"]
[Site "Hannover GER"]
[Date "2015.10.04"]
[Round "3"]
[White "Schwarz, Larissa"]
[Black "Nguyen, Ha Thanh"]
[Result "1/2-1/2"]
[Termination "normal"]
[Board "3.6"]
[WhiteElo "1928"]
[BlackElo "1719"]
[WhiteClock "00:01:41"]
[BlackClock "00:18:19"]
[WhiteTeam "Rheinland-Pfalz"]
[BlackTeam "Thüringen"]
[PlyCount "140"]
[WhiteFideId "24699004"]
[BlackFideId "12942154"]
[EventCountry "GER"]
[EventRounds "7"]
[EventType "team-swiss"]
[EventDate "2015.10.02"]

1. e4 c5 2. Nf3 Nc6 3. d4 cxd4 4. Nxd4 g6 5. Nc3 Bg7 6. Be3 Nf6 7. Bc4 Qa5 8.
O-O O-O 9. Bb3 d6 10. h3 Bd7 11. f4 Rac8 12. Qd3 a6 13. Rad1 Qc7 14. Rfe1 Na5
15. Nf3 Nxb3 16. cxb3 Rfd8 17. e5 dxe5 18. fxe5 Bf5 19. Qe2 Rxd1 20. Rxd1 Nd7
21. Nd5 Qd8 22. Nb6 Rc7 23. Nd4 Qe8 24. Nxf5 gxf5 25. Qd3 Nxb6 26. Bxb6 Rc6 27.
Bd4 Qc8 28. Bc3 Rc7 29. Rf1 Qd7 30. Qxf5 Qxf5 31. Rxf5 Rc5 32. Kf2 h6 33. Ke3
e6 34. Rh5 Kh7 35. Ke4 f5+ 36. Kf4 Kg6 37. Rh4 h5 38. g4 hxg4 39. hxg4 Bh6+ 40.
Rxh6+ Kxh6 41. gxf5 exf5 42. Kxf5 Kh7 43. Ke6 Rc8 44. Kd7 Rg8 45. e6 Kg6 46. a4
Rb8 47. b4 b5 48. Be5 Ra8 49. axb5 axb5 50. e7 Kf7 51. Bd6 Rg8 52. Bc7 Rh8 53.
Bd8 Rg8 54. Kc6 Ke8 55. Kxb5 Rg2 56. b3 Rg3 57. Ka4 Rg4 58. Ka5 Rg3 59. b5 Rxb3
60. b6 Rb1 61. Ka6 Ra1+ 62. Kb7 Rc1 63. Kb8 Rc2 64. b7 Rc1 65. Ka7 Ra1+ 66. Ba5
Rb1 67. Bb6 Ra1+ 68. Kb8 Kxe7 69. Kc8 Rc1+ 70. Bc7 Rb1 1/2-1/2